Deuda Externa, Renegociación y Ajuste en la América Latina /

Zapisane w:
Opis bibliograficzny
1. autor: Griffith-Jones, Stephany (comp.)
Format: Książka
Język:hiszpański
Wydane: México : Fondo de Cultura Económica, 1988
Hasła przedmiotowe:
Etykiety: Dodaj etykietę
Nie ma etykietki, Dołącz pierwszą etykiete!

MARC

LEADER 00000nam^a2200000^a^4500
001 000023777
005 20250521000000.0
009 20260310084547.778
020 |a 968-16-2940-x 
037 |a Acervo ITESO - Biblioteca 
041 |a ESP 
082 |a 330. 9  |b GRI 
100 |a Griffith-Jones, Stephany  |e (comp.) 
245 1 0 |a Deuda Externa, Renegociación y Ajuste en la América Latina /  |c Stephany Griffith 
264 1 |a México :  |b Fondo de Cultura Económica,  |c 1988 
300 |a 436 p. 
336 |a texto  |b txt  |2 rdacontenido 
337 |a sin mediación  |b n  |2 rdamedio 
338 |a volumen  |b nc  |2 rdasoporte 
649 |a XX 
650 |a Economía Internacional 
650 |a Deuda Externa -  |z Latinoamérica 
650 |a Deuda Externa 
910 |a Fondo General 
920 |a Impresos - Libros 
930 |a Colección General 
905 |a 101 
901 |a 0237770100  |b IT1  |c ACC  |i 023777  |u 20250521 
902 |a https://opac.biblio.iteso.mx/vufind/Record/000023777